000 00311nam a2200133Ia 4500
008 150301s2015 xx 000 0 und d
082 _a615.7
_bP11L
100 _aLAE, PETER I.D
245 _aPHARMACOKINETICE ANALYSIS
260 _bTECHNOMCE PUB
300 _a548
650 _aPHARMACEUTICS
942 _2ddc
_cBK
999 _c7341
_d7341